|
|
|
|
| LEADER |
00000nam a2200000 i 4500 |
| 001 |
1/65539 |
| 008 |
990112s1972 gre d |
| 035 |
|
|
|l 10047152
|
| 040 |
|
|
|a GR-MY-UA
|b gre
|e aacr
|
| 041 |
0 |
|
|a gre
|
| 082 |
0 |
|
|a 338.06
|
| 100 |
1 |
|
|a Μαρματάκης, Νικόλαος Γ.
|
| 245 |
1 |
0 |
|a Οικονομική θεωρία και παραγωγικότης /
|c Νικόλαος Γ. Μαρματάκης
|
| 260 |
|
|
|a Αθήναι :
|b ΕΛΚΕΠΑ,
|c 1972
|
| 300 |
|
|
|a 82 σ.
|
| 504 |
|
|
|a Περιέχει βιβλιογραφία
|
| 650 |
0 |
0 |
|a Production (Economic theory)
|
| 650 |
0 |
0 |
|a Industrial efficiency.
|
| 852 |
|
|
|a INST
|b CHIOS
|e 19990112
|h 338.06 ΜΑΡ
|p 005200015131
|q 005200015131
|t BK
|y 0
|
| 901 |
|
|
|a BIBL-1999-1
|
| 909 |
|
|
|a Χ
|b 055194
|
| 922 |
|
|
|a 2ΕΛΗ
|b 199901
|d ΛΕΜΟΝΙΑ
|